Statistics for Russian Cities In The Top 1200 Global Cities By Population

Click here to take the quiz!

General Stats

  • This quiz has been taken 79 times
  • The average score is 23 of 39

Answer Stats

PopulationCity% Correct
12.6M+Moscow
100%
5.5M+St Petersburg
100%
1.2M+Kazan
88%
900K+Volgograd
88%
1.5M+Yekaterinburg
87%
1.1M+Rostov On Don
85%
1.2M+Nizhniy Novgorod
84%
1.6M+Novosibirsk
84%
1.1M+Omsk
84%
600K+Vladivostok
84%
1.1M+Ufa
80%
1M+Perm
79%
1.1M+Samara
79%
900K+Krasnodar
73%
1.2M+Chelyabinsk
72%
600K+Irkutsk
69%
1.1M+Krasnoyarsk
68%
800K+Saratov
65%
1M+Voronezh
64%
600K+Tomsk
57%
600K+Yaroslavl
57%
600K+Tolyatti
56%
500K+Astrakhan
51%
500K+Orenburg
51%
800K+Tyumen
48%
600K+Makhachkala
41%
500K+Ryazan
41%
600K+Ulyanovsk
40%
600K+Izhevsk
37%
600K+Khabarovsk
37%
500K+Penza
33%
600K+Barnaul
31%
500K+Kemerovo
31%
500K+Lipetsk
31%
500K+Kirov
27%
500K+Cheboksary
21%
500K+Novokuznetsk
19%
500K+Naberezhnye Tchelny
17%
500K+Balashikha
15%

Score Distribution

Percentile by Number Answered

Percent of People with Each Score

Your Score History

You have not taken this quiz